Contribution a la critique de l'économie politique
Bewaard in:
| Formaat: | Boek |
|---|---|
| Taal: | Frans |
| Gepubliceerd in: |
París
Sociales
1957
|
| Reeks: | Oeuvres completes de Karl Marx
|
| Onderwerpen: | |
| Tags: |
Voeg label toe
Geen labels, Wees de eerste die dit record labelt!
|
MARC
| LEADER | 00000nam a2200000 a 4500 | ||
|---|---|---|---|
| 001 | UCZ3318 | ||
| 003 | CL-VaPUC | ||
| 005 | 20211116074331.0 | ||
| 008 | 951020e19570000FR |||||||||||||||||fre|d | ||
| 999 | |c 239804 |d 239802 | ||
| 040 | |c Pontificia Universidad Católica de Valparaíso | ||
| 082 | 0 | 4 | |a 335.4 |b MAR |2 21 |
| 245 | 1 | 0 | |a Contribution a la critique de l'économie politique |
| 260 | |a París |b Sociales |c 1957 | ||
| 300 | |a 309 p | ||
| 490 | 0 | |a Oeuvres completes de Karl Marx | |
| 583 | |a last modification |c 19951020 00:00:00 |k Rodrigo Vera | ||
| 650 | 0 | |a Comunismo |9 255588 | |
| 650 | 0 | |a Doctrinas políticas |9 255835 | |
| 650 | 0 | |a Ideologías |9 255200 | |
| 650 | 7 | |a SISTEMAS POLITICOS |2 CL-VaPUC |9 347110 | |
| 650 | 7 | |a FILOSOFIA POLITICA |2 CL-VaPUC |9 347111 | |
| 650 | 0 | |a Economía |9 255568 | |
| 650 | 0 | |a Salarios |9 255321 | |
| 650 | 0 | |a Capital |9 263726 | |
| 942 | |c BK |2 ddc | ||
| 945 | |d 19951020 00:00:00 |a cmena | ||
| 952 | |0 0 |1 0 |4 0 |6 335_400000000000000_MAR_1957 |7 0 |8 P |9 251204 |a BIBEDU |b BIBEDU |c BIBEDU_PB |d 2019-11-18 |i 158538K |o 335.4 MAR 1957 |p 158538K |r 2024-01-25 |w 2019-11-18 |y BK |k FIL | ||